000 00521nam a2200169 a 4500
001 000044812
005 20201002045640.0
008 150113s2014 dr 000 0 spa d
020 _a9789945860573
040 _aDO-SdBNP
_bspa
_cBNPHU
082 _axxxxxx
_bxxxxx
100 1 _aPaz, Felicita de la
_972838
245 1 3 _aLa familia de hoy al borde del precipicio /
_cFelicita de la Paz.
260 _aSanto Domingo :
_bPublicaciones libertad,
_c2014.
300 _a184 p. ;
_c21 cm.
504 _aBibliografías : p. 180-182
999 _c44301
_d44301